| 000 | 00618nam a22001817a 4500 | ||
|---|---|---|---|
| 005 | 20251108171821.0 | ||
| 008 | 250721s1984 xx 000 0 ara d | ||
| 082 | 1 | 4 | _aط/612/صبح |
| 100 | 1 | _aشلش، صبحي عمران | |
| 245 | 1 | 0 | _aالدراسات العملية في علم وظائف الأعضاء / |
| 264 | 1 |
_aعمان : _bمؤسسة المجلس العربي للعلوم و الطب و التكنولوجيا، _c1984. |
|
| 300 | _a254ص | ||
| 650 | 1 | 7 | _aالفسيولوجيا |
| 650 | 1 | 7 | _aالتشريح |
| 653 | _aناشاون كبار (15-18) سنه | ||
| 942 |
_2ddc _cBK |
||
| 999 |
_c63340 _d63340 |
||